| 000 | 00431nam a22001577a 4500 | ||
|---|---|---|---|
| 005 | 20260211125750.0 | ||
| 008 | 260211b |||||||| |||| 00| 0 eng d | ||
| 020 | _a978111948347 | ||
| 050 |
_aHD9715.A2 _bH37 |
||
| 100 | _aHarris, Frank | ||
| 245 | _aModern Construction Management | ||
| 260 |
_aBlackwell _bJohn Wiley and Sons Ltd _c2021 |
||
| 650 | _aConstruction Industry Management | ||
| 700 | _aMc Caffer, Ronald | ||
| 942 | _cBK | ||
| 999 |
_c4533 _d4533 |
||